[Event "Peter Stuart Memorial Open"]
[Site "Auckland NZL"]
[Date "2018.08.26"]
[Round "5"]
[White "Steadman, Michael V R"]
[Black "Ang, Alphaeus Wei Ern"]
[Result "1-0"]
[WhiteElo "2233"]
[BlackElo "2151"]
[PlyCount "65"]
[EventDate "2018.08.25"]

1. d4 Nf6 2. c4 g6 3. Nc3 Bg7 4. e4 d6 5. h3 O-O 6. Bg5 c5 7. d5 b5 8. cxb5 a6
9. a4 Qa5 10. Bd2 Qb4 11. Qc2 axb5 12. Bxb5 Ba6 13. f3 Nh5 14. Nd1 Qd4 15. Bc3
Bxb5 16. Bxd4 cxd4 17. g4 Nf4 18. Ra3 Ba6 19. h4 Nd7 20. Qd2 Be5 21. Nh3 Nxh3
22. Rxh3 f5 23. gxf5 gxf5 24. f4 Bg7 25. Rhg3 Kh8 26. Rxg7 Kxg7 27. Qxd4+ Kh6
28. Rg3 Nf6 29. Ne3 Bc8 30. exf5 Bd7 31. Rg5 Rxa4 32. Qxf6+ Rxf6 33. Ng4# 1-0

[Event "Peter Stuart Memorial Open"]
[Site "Auckland NZL"]
[Date "2018.08.26"]
[Round "5"]
[White "Capel, Evan T"]
[Black "Browne, Jeremy A"]
[Result "1-0"]
[WhiteElo "2135"]
[BlackElo "2086"]
[PlyCount "71"]
[EventDate "2018.08.25"]

1. b4 e5 2. a3 d5 3. Bb2 Qd6 4. Nf3 Nd7 5. e3 Ngf6 6. c4 dxc4 7. Bxc4 Be7 8.
Qb3 e4 9. Ng5 Ne5 10. Nxf7 Nxf7 11. Bxf7+ Kf8 12. Bc4 Bf5 13. Nc3 c6 14. Qc2
Rd8 15. Ne2 Nd5 16. Ng3 Qg6 17. Nxf5 Qxf5 18. d3 exd3 19. Bxd3 Qg5 20. O-O h5
21. Bd4 a6 22. Bc5 h4 23. Bxe7+ Nxe7 24. Be4 Rh6 25. Rfd1 Nd5 26. Rd4 h3 27. g3
Rhd6 28. Bxd5 Rxd5 29. Rh4 Qg6 30. Qe2 Qe6 31. Qf1 Rd2 32. Qxh3 Qe5 33. Rf1 Ra2
34. Rh8+ Ke7 35. Qh4+ Qf6 36. Qe4+ 1-0

[Event "Peter Stuart Memorial Open"]
[Site "Auckland NZL"]
[Date "2018.08.26"]
[Round "5"]
[White "Hague, Ben"]
[Black "Duneas, John"]
[Result "1-0"]
[WhiteElo "2404"]
[BlackElo "2020"]
[PlyCount "123"]
[EventDate "2018.08.25"]

1. e4 e6 2. d4 d5 3. Nc3 Nf6 4. e5 Ne4 5. Nxe4 dxe4 6. Bc4 a6 7. Ne2 c5 8. c3
cxd4 9. cxd4 Nc6 10. a3 Be7 11. O-O O-O 12. Be3 Bg5 13. Ng3 f5 14. exf6 Bxf6
15. Qg4 Kh8 16. Qxe4 Bxd4 17. Bxd4 Qxd4 18. Qxd4 Nxd4 19. Rad1 Rd8 20. Ne2 e5
21. Nxd4 exd4 22. Rd2 b5 23. Bb3 Bf5 24. Rfd1 d3 25. f3 Rd7 26. Kf2 h5 27. Re1
Rd6 28. Re5 g6 29. Bd5 Rc8 30. Ke3 Kg7 31. Be4 Kf6 32. Bxf5 gxf5 33. f4 Rc4 34.
g3 Rcd4 35. Re8 Kf7 36. Re5 Kf6 37. b3 Kg6 38. Re6+ Rxe6+ 39. Kxd4 h4 40. Kxd3
Kh5 41. Re2 Rd6+ 42. Kc3 hxg3 43. hxg3 Kg4 44. Re5 Rf6 45. Re3 Kh3 46. Kb4 Kg2
47. Kc5 Rg6 48. Kd5 Rg8 49. Rc3 Re8 50. Kd6 Kf2 51. b4 Re4 52. Rc5 Re3 53. Rxf5
Kxg3 54. a4 bxa4 55. Ra5 Re4 56. f5 Rxb4 57. f6 Kf4 58. f7 Rb8 59. Ke7 Rb7+ 60.
Kf6 Rb6+ 61. Kg7 Rb7 62. Kg8 1-0

[Event "Peter Stuart Memorial Open"]
[Site "Auckland NZL"]
[Date "2018.08.26"]
[Round "5"]
[White "Krstev, Antonio"]
[Black "Garbett, Paul A"]
[Result "1-0"]
[WhiteElo "1986"]
[BlackElo "2213"]
[PlyCount "89"]
[EventDate "2018.08.25"]

1. d4 Nf6 2. c4 e6 3. Nc3 Bb4 4. f3 c5 5. a3 Bxc3+ 6. bxc3 Nc6 7. e4 O-O 8. Be3
Qa5 9. dxc5 Qxc3+ 10. Kf2 Ne8 11. Ne2 Qe5 12. Bd4 Nxd4 13. Qxd4 d6 14. cxd6
Qxd6 15. Qxd6 Nxd6 16. c5 Nb5 17. a4 Nc7 18. Nd4 e5 19. Nb5 Ne6 20. Rc1 Bd7 21.
Nd6 Bxa4 22. Nxb7 Rab8 23. Nd6 Rb2+ 24. Kg3 Bc6 25. Nc4 Rb4 26. Nxe5 Bb5 27. c6
Rc8 28. Bxb5 Rxb5 29. Nd3 Nd4 30. Rc4 Ne6 31. Rhc1 a5 32. h4 f6 33. Nf4 Nxf4
34. Kxf4 Rb6 35. e5 Kf7 36. Ke4 Ke6 37. exf6 gxf6 38. g4 Rc7 39. f4 Rb4 40. f5+
Kd6 41. Rd1+ Ke7 42. Rxb4 axb4 43. Kd5 Ra7 44. Kc5 b3 45. Kb6 1-0

[Event "Peter Stuart Memorial Open"]
[Site "Auckland NZL"]
[Date "2018.08.26"]
[Round "5"]
[White "Zhang, Jasmine Haomo"]
[Black "Hart, Ralph"]
[Result "0-1"]
[WhiteElo "1907"]
[BlackElo "2176"]
[PlyCount "38"]
[EventDate "2018.08.25"]

1. d4 Nf6 2. c4 e6 3. Nc3 Bb4 4. e3 b6 5. Nf3 Bb7 6. Bd3 Ne4 7. Qc2 f5 8. a3
Bxc3+ 9. bxc3 O-O 10. O-O Rf6 11. Nd2 Rh6 12. Nxe4 fxe4 13. Be2 Qh4 14. h3 Nc6
15. Kh2 Rf8 16. Bd1 Rf3 17. Bxf3 exf3 18. Rd1 fxg2 19. Kg1 Qxh3 0-1

[Event "Peter Stuart Memorial Open"]
[Site "Auckland NZL"]
[Date "2018.08.26"]
[Round "5"]
[White "Wright, Caleb"]
[Black "Morrell, Gordon"]
[Result "0-1"]
[WhiteElo "1878"]
[BlackElo "2080"]
[PlyCount "58"]
[EventDate "2018.08.25"]

1. d4 d5 2. Nf3 Nf6 3. c4 e6 4. Nc3 Be7 5. Bf4 O-O 6. e3 c5 7. cxd5 Nxd5 8.
Nxd5 exd5 9. a3 c4 10. Be2 Nc6 11. O-O Be6 12. b3 b5 13. Qc2 f5 14. Ne5 Nxe5
15. Bxe5 Bd6 16. Bxd6 Qxd6 17. f3 f4 18. e4 dxe4 19. Qxe4 Bf5 20. Qe5 Qxe5 21.
dxe5 cxb3 22. Bxb5 b2 23. Bc4+ Kh8 24. Rae1 Rac8 25. Ba6 Rb8 26. Rb1 Bxb1 27.
Rxb1 Rfe8 28. Kf2 Rxe5 29. a4 Rc5 0-1

[Event "Peter Stuart Memorial Open"]
[Site "Auckland NZL"]
[Date "2018.08.26"]
[Round "5"]
[White "Runcan, Daniel-Ioan"]
[Black "Lim, Benjamin U"]
[Result "0-1"]
[WhiteElo "1943"]
[BlackElo "1901"]
[PlyCount "92"]
[EventDate "2018.08.25"]

1. e4 c5 2. Nc3 d6 3. f4 g6 4. Nf3 Bg7 5. Bb5+ Bd7 6. Bxd7+ Qxd7 7. O-O e6 8.
d3 Ne7 9. Ne2 d5 10. c3 Nbc6 11. a3 O-O 12. Qe1 c4 13. exd5 exd5 14. d4 f6 15.
Ng3 Rae8 16. Qf2 Nf5 17. Nh1 Nd6 18. Qc2 Na5 19. Bd2 Nb3 20. Rae1 Qf5 21. Qxf5
Nxf5 22. Kf2 Re4 23. Re2 Nxd2 24. Nxd2 Rxf4+ 25. Kg1 Rxf1+ 26. Kxf1 Bh6 27. Kf2
Kf7 28. g4 Nd6 29. Ng3 Re8 30. Ngf1 Rxe2+ 31. Kxe2 Ke6 32. a4 b5 33. axb5 Nxb5
34. h4 a5 35. Ne3 Bxe3 36. Kxe3 a4 37. Nb1 g5 38. hxg5 fxg5 39. Nd2 Nxc3 40.
Nf3 Ne4 41. Ne5 c3 42. Kd3 cxb2 43. Kc2 a3 44. Nd3 Nc3 45. Nxb2 axb2 46. Kxb2
Nb5 0-1

[Event "Peter Stuart Memorial Open"]
[Site "Auckland NZL"]
[Date "2018.08.26"]
[Round "5"]
[White "McLaren, Leonard J"]
[Black "Johns, Daniel P"]
[Result "1-0"]
[WhiteElo "2218"]
[BlackElo "1903"]
[PlyCount "55"]
[EventDate "2018.08.25"]

1. e4 e5 2. Nf3 Nc6 3. Nc3 Nf6 4. g3 Bb4 5. Bg2 O-O 6. O-O d6 7. d3 Bg4 8. h3
Be6 9. Ng5 h6 10. Nxe6 fxe6 11. Bd2 Nd4 12. a3 Ba5 13. b4 Bb6 14. Na4 c6 15.
Nxb6 Qxb6 16. a4 c5 17. b5 a6 18. c3 axb5 19. cxd4 exd4 20. Qb3 Kh7 21. Qxb5
Ra6 22. Qxb6 Rxb6 23. Rfb1 Nd7 24. Rxb6 Nxb6 25. a5 Nd7 26. f4 e5 27. Rb1 Rb8
28. Bf3 1-0

[Event "Peter Stuart Memorial Open"]
[Site "Auckland NZL"]
[Date "2018.08.26"]
[Round "5"]
[White "Mistry, Prashant"]
[Black "Qin, Nicole Shu Yu"]
[Result "1-0"]
[WhiteElo "1929"]
[BlackElo "1696"]
[PlyCount "65"]
[EventDate "2018.08.25"]

1. e4 e6 2. d4 d5 3. Nc3 Bb4 4. e5 c5 5. a3 Bxc3+ 6. bxc3 Ne7 7. a4 Qa5 8. Bb5+
Bd7 9. Bxd7+ Nxd7 10. Bd2 c4 11. Qb1 Qc7 12. f4 O-O 13. Nf3 a6 14. O-O Rab8 15.
Qe1 Qc6 16. Bc1 Rfe8 17. Ba3 Nf5 18. g4 Nh6 19. Qh4 Nf8 20. Ng5 Ng6 21. Qh3 Qd7
22. Bd6 Rbc8 23. Rf3 f6 24. Nxh7 Kxh7 25. g5 fxg5 26. fxg5 Ne7 27. gxh6 Nf5 28.
hxg7+ Kxg7 29. Qg4+ Kf7 30. Qh5+ Kg7 31. Kh1 Kg8 32. Rxf5 exf5 33. Rg1+ 1-0

[Event "Peter Stuart Memorial Open"]
[Site "Auckland NZL"]
[Date "2018.08.26"]
[Round "5"]
[White "Punsalan, Vyanla M"]
[Black "Nagorski, Alex"]
[Result "1/2-1/2"]
[WhiteElo "1914"]
[BlackElo "1819"]
[PlyCount "64"]
[EventDate "2018.08.25"]

1. e4 e5 2. Nc3 Nf6 3. g3 Nc6 4. Bg2 Bc5 5. d3 d6 6. Nge2 Be6 7. Na4 Qd7 8. O-O
Bh3 9. Nxc5 dxc5 10. f4 O-O-O 11. fxe5 Bxg2 12. Kxg2 Nxe5 13. Qe1 Nc6 14. Qc3
Nd4 15. Nxd4 cxd4 16. Qa3 Kb8 17. Bg5 Ng4 18. Bxd8 Ne3+ 19. Kg1 Nxf1 20. Bxc7+
Qxc7 21. Rxf1 h5 22. Qb3 f6 23. Rf2 h4 24. gxh4 Qd7 25. Kh1 Qg4 {(=)} 26. c4
Rxh4 27. c5 Qg3 28. c6 Rxh2+ 29. Rxh2 Qe1+ 30. Kg2 Qe2+ 31. Kg1 Qe1+ 32. Kg2
Qe2+ 1/2-1/2

[Event "Peter Stuart Memorial Open"]
[Site "Auckland NZL"]
[Date "2018.08.26"]
[Round "5"]
[White "Morris, Byron"]
[Black "Meng, Richard"]
[Result "0-1"]
[WhiteElo "1697"]
[BlackElo "1843"]
[PlyCount "92"]
[EventDate "2018.08.25"]

1. c4 e5 2. Nc3 Nf6 3. d3 d5 4. Bg5 d4 5. Nb1 h6 6. Bh4 Bb4+ 7. Nd2 c5 8. Rb1
Nc6 9. Ngf3 Bg4 10. h3 Bf5 11. g4 Bh7 12. Qa4 Qe7 13. a3 Ba5 14. Kd1 e4 15. Ne1
exd3 16. exd3 Bxd2 17. Kxd2 Ne4+ 18. dxe4 Qxh4 19. Nd3 O-O 20. Re1 Rfe8 21. Bg2
h5 22. Qd1 Ne5 23. Kc1 Nxd3+ 24. Qxd3 Qxf2 25. Bf3 h4 26. Rhf1 Qg3 27. Kb1 Re6
28. Rg1 Qxh3 29. g5 Qh2 30. Rg4 Rb6 31. b3 Qf2 32. Rh1 Kf8 33. Rgxh4 Bg8 34.
Be2 a5 35. a4 Re8 36. Rg4 Rb4 37. g6 f6 38. Rg3 Bxc4 39. Rh8+ Ke7 40. Qf3 Rxb3+
41. Qxb3 Bxb3 42. Rxe8+ Kxe8 43. Bb5+ Ke7 44. Rxb3 Qe1+ 45. Ka2 Qxe4 46. Rb2 d3
0-1

[Event "Peter Stuart Memorial Open"]
[Site "Auckland NZL"]
[Date "2018.08.26"]
[Round "5"]
[White "Aguilar, Juni"]
[Black "Ha, Huy Minh (Timothy)"]
[Result "1-0"]
[WhiteElo "1842"]
[BlackElo "1707"]
[PlyCount "115"]
[EventDate "2018.08.25"]

1. Nf3 Nf6 2. d4 d5 3. e3 g6 4. Bd3 Bg7 5. b3 Nbd7 6. Bb2 O-O 7. Nbd2 c5 8. Qe2
Qc7 9. Rc1 b6 10. O-O Bb7 11. c4 dxc4 12. bxc4 e6 13. Rfd1 Rac8 14. Nf1 Qb8 15.
Ng3 Qa8 16. Ne1 Rfd8 17. a4 Ne4 18. Qc2 Nxg3 19. hxg3 Nf6 20. Bf1 Ne4 21. a5
Qb8 22. axb6 axb6 23. Qb3 Qc7 24. Ba1 Rb8 25. Nf3 Nf6 26. Nd2 Ne4 27. Nf3 Nf6
28. Nd2 Ne4 29. Nb1 Ba8 30. Na3 Qe7 31. Nb5 Qf6 32. Qc2 Qg5 33. Qe2 Nf6 34. Qe1
Ng4 35. Be2 Qh5 36. Bxg4 Qxg4 37. f3 Qh5 38. Kf2 Bb7 39. Qe2 Ra8 40. Bc3 Qg5
41. Qb2 Qe7 42. Rd2 Qg5 43. Rcd1 Rab8 44. Rd3 Qe7 45. d5 Bxc3 46. Nxc3 exd5 47.
Nxd5 Bxd5 48. Rxd5 Rxd5 49. Rxd5 Rb7 50. e4 Rb8 51. Ke3 Qc7 52. f4 Ra8 53. Qf6
Qa7 54. Rd3 Qa5 55. Qc3 Qa2 56. Kf3 h5 57. Rd2 Ra3 58. Rd8+ 1-0

[Event "Peter Stuart Memorial Open"]
[Site "Auckland NZL"]
[Date "2018.08.26"]
[Round "5"]
[White "Jin, Owen"]
[Black "Hair, Philip I"]
[Result "0-1"]
[WhiteElo "1608"]
[BlackElo "1829"]
[PlyCount "80"]
[EventDate "2018.08.25"]

1. c4 e5 2. g3 f5 3. Bg2 d6 4. Nc3 Nf6 5. d3 c6 6. Bg5 Be7 7. Nf3 Qc7 8. O-O
Be6 9. Nd2 h6 10. Bxf6 Bxf6 11. b4 a6 12. Qc2 Nd7 13. a4 O-O 14. b5 d5 15. Rfc1
d4 16. Nd1 Nc5 17. Nb3 Nxb3 18. Qxb3 a5 19. Rab1 Rab8 20. Qc2 Be7 21. e3 f4 22.
exd4 fxg3 23. fxg3 exd4 24. Nf2 Bg5 25. Rf1 Be3 26. Kh1 Qd7 27. bxc6 bxc6 28.
Rxb8 Rxb8 29. Ne4 Bh3 30. Nc5 Bxg2+ 31. Qxg2 Qd6 32. Ne4 Qe7 33. Qa2 c5 34. Rf5
Rf8 35. Rxc5 Rf1+ 36. Kg2 Rg1+ 37. Kf3 Qf7+ 38. Kg4 g5 39. Rxa5 h5+ 40. Kh3
Qf1+ 0-1

[Event "Peter Stuart Memorial Open"]
[Site "Auckland NZL"]
[Date "2018.08.26"]
[Round "5"]
[White "Post, Martin J"]
[Black "Liu, Xinyang"]
[Result "0-1"]
[WhiteElo "1814"]
[BlackElo "1694"]
[PlyCount "114"]
[EventDate "2018.08.25"]

1. Nf3 Nf6 2. b3 g6 3. Bb2 Bg7 4. e4 d6 5. d3 O-O 6. g3 e5 7. Bg2 Nc6 8. O-O
Ne8 9. Ne1 f5 10. f4 fxe4 11. dxe4 Nf6 12. Nd3 Ng4 13. Qd2 Be6 14. h3 Nh6 15.
Na3 Kh8 16. Rad1 Qe7 17. c3 Rf7 18. Nc2 Raf8 19. Ne3 Qd7 20. Kh2 Qe7 21. Nd5
Bxd5 22. exd5 Nb8 23. Rde1 Nd7 24. Qe2 Nf5 25. Be4 Re8 26. Qc2 Qf8 27. Rf3 Nc5
28. Nxc5 dxc5 29. Bxf5 Rxf5 30. Rfe3 Rd8 31. c4 exf4 32. Bxg7+ Kxg7 33. Re7+
Rf7 34. Rxf7+ Qxf7 35. Qc3+ Kg8 36. Qe5 fxg3+ 37. Kxg3 Rf8 38. Qe6 Qxe6 39.
dxe6 Kg7 40. Rd1 Kf6 41. Rd7 Kxe6 42. Rxc7 Rf7 43. Rxc5 Rd7 44. h4 h5 45. Rd5
Rxd5 46. cxd5+ Kxd5 47. Kf4 Ke6 48. Ke4 b6 49. a4 Kf6 50. Kf4 g5+ 51. hxg5+ Kg6
52. b4 a6 53. a5 b5 54. Ke5 h4 55. Kd6 h3 56. Kc6 h2 57. Kb6 h1=Q 0-1

[Event "Peter Stuart Memorial Open"]
[Site "Auckland NZL"]
[Date "2018.08.26"]
[Round "5"]
[White "Weng, Xintong (Winston)"]
[Black "Thornton, Giovanni A"]
[Result "1/2-1/2"]
[WhiteElo "1621"]
[BlackElo "2131"]
[PlyCount "104"]
[EventDate "2018.08.25"]

{Winston Weng won the Flukey 1.c4 Upset Prize with this game.} 1. c4 e5 2. Nc3
Bb4 3. Nd5 Be7 4. g3 Nf6 5. Nxf6+ Bxf6 6. Bg2 Nc6 7. e4 d6 8. Ne2 Be6 9. d3 h5
10. h3 Qd7 11. Be3 Ne7 12. Qd2 c6 13. f4 g6 14. fxe5 dxe5 15. b3 O-O-O 16.
O-O-O Qc7 17. Qb4 Kb8 18. Qa3 Nc8 19. Qb2 Rd7 20. Rd2 Rhd8 21. Rhd1 Ka8 22. Kb1
Bh8 23. d4 exd4 24. Bxd4 Bxd4 25. Rxd4 h4 26. Rxd7 Rxd7 27. Rxd7 Qxd7 28. Qd4
Bxh3 29. Qxd7 Bxd7 30. gxh4 Kb8 31. Kc2 Kc7 32. Kd3 Kd6 33. Kd4 c5+ 34. Ke3 Ke5
35. Ng3 Bg4 36. Nh1 Ne7 37. Nf2 Bc8 38. Nd3+ Kd6 39. e5+ Kc7 40. Nxc5 Nf5+ 41.
Kf4 b6 42. Nd3 Nxh4 43. Bd5 Bf5 44. Nc1 Be6 45. Bxe6 fxe6 46. Kg5 Nf5 47. Kxg6
Kd7 48. Kf6 Ne3 49. Nd3 a5 50. Kf7 Ng4 51. a4 Nh6+ 52. Kg6 Ng4 1/2-1/2

[Event "Peter Stuart Memorial Open"]
[Site "Auckland NZL"]
[Date "2018.08.26"]
[Round "5"]
[White "Isaac, Ceferino"]
[Black "Vickers, Josia"]
[Result "1-0"]
[WhiteElo "1965"]
[BlackElo "1908"]
[PlyCount "131"]
[EventDate "2018.08.25"]

1. e4 c5 2. Nf3 d6 3. d3 Nc6 4. g3 g6 5. Bg2 Bg7 6. O-O Bg4 7. c3 e6 8. Nbd2
Nge7 9. h3 Bxf3 10. Nxf3 O-O 11. Be3 b5 12. d4 cxd4 13. Nxd4 a6 14. Qd2 Ne5 15.
b3 Qc7 16. Rac1 Rfd8 17. f4 N5c6 18. c4 Bxd4 19. Bxd4 Nxd4 20. Qxd4 Qc5 21.
Qxc5 dxc5 22. cxb5 axb5 23. Rf2 Rac8 24. Bf1 Rd4 25. Bxb5 Rxe4 26. Re2 Rxe2 27.
Bxe2 Nf5 28. Kf2 Ra8 29. a4 Nd4 30. Bd1 Rb8 31. Rxc5 Nxb3 32. Rb5 Rxb5 33. axb5
Nc5 34. b6 Kf8 35. Ke3 Ke7 36. Kd4 Kd6 37. Bf3 Nb3+ 38. Kc3 Nc5 39. Kc4 Nd7 40.
b7 Nb8 41. Kd4 Nd7 42. g4 Nb8 43. h4 Nd7 44. g5 Nb8 45. Be4 Nd7 46. h5 gxh5 47.
Bxh7 h4 48. Ke3 Kc7 49. Bg8 h3 50. Kf3 h2 51. Kg2 h1=Q+ 52. Kxh1 Kxb7 53. Bxf7
Nf8 54. g6 Nxg6 55. Bxg6 Kc6 56. Be4+ Kd6 57. Kg2 Ke7 58. Kf3 Kf7 59. Kg4 Kf6
60. Bd3 Ke7 61. Kg5 Kf7 62. Bc4 Ke7 63. Kg6 Kd6 64. Kf6 Kd7 65. Bxe6+ Ke8 66.
Kg7 1-0